<?xml version="1.0" encoding="UTF-8"?>
<marc:record xmlns:marc="http://www.loc.gov/MARC21/slim">
   <marc:leader>00000nam a2200000 a 4500</marc:leader>
   <marc:datafield ind1="1" ind2=" " tag="100">
      <marc:subfield code="a">Disney,Walt</marc:subfield>
      <marc:subfield code="4">aut</marc:subfield>
      <marc:subfield code="e">Verfasser/-in</marc:subfield>
   </marc:datafield>
   <marc:datafield ind1="0" ind2="0" tag="245">
      <marc:subfield code="a">Der Wünsch-o-Mat</marc:subfield>
   </marc:datafield>
   <marc:datafield ind1="0" ind2="0" tag="245">
      <marc:subfield code="b">LTB 532</marc:subfield>
   </marc:datafield>
   <marc:datafield ind1="0" ind2="0" tag="245">
      <marc:subfield code="c">Disney,Walt</marc:subfield>
   </marc:datafield>
   <marc:datafield ind1=" " ind2="1" tag="264">
      <marc:subfield code="a">Berlin</marc:subfield>
      <marc:subfield code="b">Egmont Ehapa Media</marc:subfield>
   </marc:datafield>
   <marc:datafield ind1="1" ind2=" " tag="490">
      <marc:subfield code="a">Lustiges Taschenbuch Walt Disney</marc:subfield>
   </marc:datafield>
   <marc:datafield ind1="1" ind2=" " tag="520">
      <marc:subfield code="a">Endlich klingeln Dagobert Ducks Kassen mal wieder so richtig! Und das dank seines neuen Wünsch-o-maten, frisch aus der Düsentrieb’schen Werkelstube, der jedem gegen Bares seinen Lebenstraum verrät! Für so manchen ist so ein Apparat sicherlich überflüssig, da muss man sich nur Donald in seiner Hängematte anschauen … Und auch über seinen eigenen Wunsch ist sich Dagobert sich sofort klar: ein satt gefüllter Geldspeicher. Doch was wäre, wenn ihm der Wünsch-o-mat plötzlich einen ganz anderen Herzenswunsch aufzeigen würde? Ginge das dann mit rechten Dingen zu? Oder hat er sich etwa so sehr in sich selbst getäuscht?&#xD;
Dieser Titel wird im sog. Fixed-Layout-Format angeboten und ist daher nur auf Geräten und Leseprogrammen nutzbar, die die Darstellung von Fixed-Layout-eBooks im epub- oder mobi/KF8-Format unterstützen. Wir empfehlen in jedem Fall die Darstellung auf Tablets und anderen Geräten mit Farbbildschirm.</marc:subfield>
   </marc:datafield>
   <marc:datafield ind1="3" ind2=" " tag="024">
      <marc:subfield code="a">4192827206997</marc:subfield>
   </marc:datafield>
   <marc:datafield ind1=" " ind2=" " tag="041">
      <marc:subfield code="a">ger</marc:subfield>
   </marc:datafield>
   <marc:datafield ind1=" " ind2=" " tag="338">
      <marc:subfield code="a">Band</marc:subfield>
   </marc:datafield>
   <marc:datafield ind1=" " ind2=" " tag="300">
      <marc:subfield code="a">S. 254</marc:subfield>
   </marc:datafield>
</marc:record>
